Größte Städte Deutschlands ohne NRW, BW, BY, NI, HE - Statistiken

Allgemein
  • Dieses Quiz wurde 199 mal gespielt
  • Das Durchschnittsergebnis liegt bei 66 aus 164
Antwortstatistiken
Bundesland Einwohnerzahl Stadt (oder Gemeinde) % Korrekt
1 - 3.782.202 Berlin
99%
12 Sachsen 566.222 Dresden
99%
8 Sachsen 619.789 Leipzig
99%
37 Thüringen 215.675 Erfurt
98%
30 Schleswig-Holstein 248.873 Kiel
98%
29 Sachsen 250.681 Chemnitz
97%
35 Rheinland-Pfalz 222.889 Mainz
97%
43 Saarland 183.509 Saarbrücken
97%
2 - 1.910.160 Hamburg
96%
32 Sachsen-Anhalt 240.114 Magdeburg
96%
39 Mecklenburg-Vorpommern 209.920 Rostock
96%
11 - 577.062 Bremen
95%
75 Thüringen 110.791 Jena
95%
31 Sachsen-Anhalt 242.172 Halle (Saale)
94%
36 Schleswig-Holstein 219.044 Lübeck
94%
89 Thüringen 94.847 Gera
93%
42 Brandenburg 187.119 Potsdam
92%
72 Rheinland-Pfalz 112.737 Trier
92%
92 Schleswig-Holstein 92.667 Flensburg
91%
69 Rheinland-Pfalz 115.298 Koblenz
91%
84 Mecklenburg-Vorpommern 98.596 Schwerin
91%
83 Brandenburg 100.010 Cottbus
89%
70 - 114.667 Bremerhaven
88%
82 Rheinland-Pfalz 101.486 Kaiserslautern
88%
121 Brandenburg 73.921 Brandenburg an der Havel
85%
45 Rheinland-Pfalz 176.110 Ludwigshafen am Rhein
83%
95 Sachsen 87.593 Zwickau
78%
106 Sachsen-Anhalt 79.686 Dessau-Roßlau
75%
141 Mecklenburg-Vorpommern 63.989 Neubrandenburg
75%
135 Thüringen 65.611 Weimar
75%
153 Mecklenburg-Vorpommern 59.691 Greifswald
74%
99 Rheinland-Pfalz 85.609 Worms
72%
162 Sachsen 56.694 Görlitz
68%
190 Rheinland-Pfalz 51.203 Speyer
68%
155 Mecklenburg-Vorpommern 59.363 Stralsund
68%
105 Schleswig-Holstein 80.185 Neumünster
67%
137 Sachsen 65.218 Plauen
64%
244 Mecklenburg-Vorpommern 43.878 Wismar
63%
260 Saarland 42.498 Homburg
61%
220 Saarland 47.097 Neunkirchen
59%
177 Rheinland-Pfalz 53.920 Neustadt an der Weinstraße
58%
341 Saarland 34.893 Saarlouis
58%
309 Sachsen 38.039 Bautzen
57%
102 Schleswig-Holstein 82.719 Norderstedt
57%
157 Brandenburg 58.818 Frankfurt (Oder)
56%
228 Thüringen 46.300 Gotha
56%
256 Thüringen 42.817 Eisenach
54%
279 Rheinland-Pfalz 40.941 Pirmasens
53%
347 Rheinland-Pfalz 34.613 Zweibrücken
52%
233 Sachsen-Anhalt 45.588 Lutherstadt Wittenberg
51%
212 Brandenburg 48.492 Oranienburg
50%
134 Rheinland-Pfalz 66.243 Neuwied
49%
182 Rheinland-Pfalz 52.989 Bad Kreuznach
47%
240 Schleswig-Holstein 44.756 Pinneberg
47%
318 Thüringen 36.986 Suhl
47%
191 Schleswig-Holstein 50.728 Elmshorn
45%
207 Rheinland-Pfalz 49.122 Frankenthal/Pfalz
44%
277 Thüringen 41.233 Nordhausen
44%
435 Sachsen 29.051 Meißen
43%
373 Schleswig-Holstein 32.319 Itzehoe
42%
295 Sachsen 39.303 Pirna
42%
285 Saarland 40.358 Völklingen
42%
213 Rheinland-Pfalz 48.341 Landau in der Pfalz
41%
490 Rheinland-Pfalz 26.339 Bingen am Rhein
40%
402 Schleswig-Holstein 30.545 Rendsburg
39%
278 Sachsen 41.045 Freiberg
38%
300 Sachsen-Anhalt 38.946 Stendal
38%
242 Brandenburg 44.254 Bernau bei Berlin
36%
613 Schleswig-Holstein 22.467 Heide
36%
568 Schleswig-Holstein 23.814 Husum
36%
384 Thüringen 31.580 Altenburg
33%
268 Brandenburg 41.704 Eberswalde
33%
385 Sachsen 31.404 Hoyerswerda
33%
299 Brandenburg 39.096 Königs Wusterhausen
33%
410 Saarland 30.070 Merzig
33%
500 Schleswig-Holstein 25.904 Schleswig
33%
432 Sachsen 29.127 Riesa
32%
513 Saarland 25.503 St. Wendel
32%
542 Sachsen 24.710 Zittau
32%
287 Sachsen-Anhalt 40.069 Halberstadt
31%
585 Sachsen-Anhalt 23.277 Quedlinburg
31%
643 Schleswig-Holstein 21.620 Eckernförde
30%
419 Mecklenburg-Vorpommern 29.556 Güstrow
30%
695 Mecklenburg-Vorpommern 20.340 Neustrelitz
30%
604 Sachsen-Anhalt 22.738 Burg
29%
298 Thüringen 39.147 Ilmenau
29%
338 Saarland 35.059 St. Ingbert
29%
461 Rheinland-Pfalz 27.647 Bad Neuenahr-Ahrweiler
28%
320 Thüringen 36.641 Mühlhausen/Thüringen
28%
405 Rheinland-Pfalz 30.408 Andernach
27%
553 Brandenburg 24.447 Eisenhüttenstadt
27%
292 Sachsen 39.477 Freital
27%
324 Rheinland-Pfalz 36.390 Ingelheim am Rhein
27%
372 Sachsen-Anhalt 32.336 Naumburg (Saale)
27%
379 Sachsen-Anhalt 31.943 Wernigerode
27%
368 Brandenburg 32.763 Fürstenwalde/Spree
26%
431 Rheinland-Pfalz 29.158 Idar-Oberstein
26%
381 Brandenburg 31.803 Neuruppin
26%
360 Sachsen 33.804 Radebeul
26%
297 Sachsen-Anhalt 39.181 Weißenfels
26%
238 Brandenburg 45.005 Falkensee
25%
349 Schleswig-Holstein 34.601 Ahrensburg
24%
537 Thüringen 24.867 Meiningen
24%
450 Sachsen 28.269 Grimma
23%
607 Sachsen-Anhalt 22.609 Lutherstadt Eisleben
23%
344 Sachsen-Anhalt 34.721 Merseburg
23%
578 Sachsen-Anhalt 23.394 Salzwedel
23%
362 Brandenburg 33.524 Schwedt/Oder
23%
346 Schleswig-Holstein 34.617 Wedel
23%
529 Schleswig-Holstein 25.104 Bad Oldesloe
22%
531 Sachsen-Anhalt 24.974 Köthen (Anhalt)
22%
433 Thüringen 29.121 Saalfeld/Saale
22%
458 Brandenburg 27.880 Teltow
22%
658 Mecklenburg-Vorpommern 21.267 Waren (Müritz)
22%
656 Rheinland-Pfalz 21.295 Germersheim
21%
575 Thüringen 23.435 Sonneberg
21%
705 Thüringen 20.220 Greiz
20%
667 Brandenburg 21.000 Luckenwalde
20%
539 Thüringen 24.767 Rudolstadt
20%
487 Sachsen-Anhalt 26.416 Aschersleben
19%
311 Sachsen-Anhalt 37.850 Bitterfeld-Wolfen
19%
521 Sachsen-Anhalt 25.300 Sangerhausen
19%
448 Sachsen-Anhalt 28.345 Zeitz
19%
601 Thüringen 22.896 Apolda
18%
376 Sachsen-Anhalt 32.106 Bernburg (Saale)
18%
451 Thüringen 28.264 Arnstadt
17%
368 Schleswig-Holstein 32.763 Geesthacht
17%
460 Brandenburg 27.780 Strausberg
17%
574 Schleswig-Holstein 23.478 Kaltenkirchen
16%
584 Brandenburg 23.282 Senftenberg
16%
659 Thüringen 21.183 Sondershausen
16%
649 Sachsen-Anhalt 21.483 Zerbst/Anhalt
16%
421 Brandenburg 29.441 Ludwigsfelde
15%
708 Schleswig-Holstein 20.169 Bad Schwartau
14%
478 Brandenburg 26.970 Werder (Havel)
14%
614 Schleswig-Holstein 22.339 Quickborn
13%
442 Schleswig-Holstein 28.579 Reinbek
13%
716 Sachsen 20.013 Borna
12%
687 Sachsen 20.561 Coswig
12%
569 Sachsen 23.728 Döbeln
12%
628 Sachsen-Anhalt 21.926 Gardelegen
12%
689 Rheinland-Pfalz 20.450 Haßloch
12%
536 Brandenburg 24.918 Rathenow
12%
406 Sachsen-Anhalt 30.402 Schönebeck
12%
648 Brandenburg 21.497 Spremberg
12%
517 Sachsen 25.341 Delitzsch
11%
547 Sachsen 24.488 Markkleeberg
11%
447 Schleswig-Holstein 28.375 Henstedt-Ulzburg
10%
682 Rheinland-Pfalz 20.682 Schifferstadt
10%
595 Thüringen 23.133 Bad Salzungen
9%
482 Brandenburg 26.623 Hennigsdorf
9%
476 Brandenburg 27.131 Hohen Neuendorf
9%
424 Brandenburg 29.344 Blankenfelde-Mahlow
8%
707 Saarland 20.202 Blieskastel
8%
633 Sachsen 21.807 Glauchau
8%
566 Sachsen 23.923 Limbach-Oberfrohna
8%
701 Sachsen 20.273 Reichenbach im Vogtland
7%
641 Brandenburg 21.643 Zossen
7%
710 Brandenburg 20.152 Kleinmachnow
6%
677 Sachsen 20.793 Werdau
6%
563 Sachsen-Anhalt 23.963 Staßfurt
5%
714 Thüringen 20.053 Leinefelde-Worbis
4%
554 Brandenburg 24.363 Wandlitz
4%
672 Brandenburg 20.916 Panketal
3%
Keine übereinstimmenden Quizze gefunden
Verteilung der Resultate
Anzahl Personen mit jedem Resultat
Perzentil nach korrekt beantworteten Fragen
Ihre Resultats-Entwicklung
Sie haben dieses Quiz noch nicht gespielt